A Vág higja Pöstyénben

Zobrazenie: Pohľad v bielom orámovaní na breh rieky Váh vľavo. Vpravo na ľavom brehu chytá ryby jeden muž v klobúku. V pozadí vedie ponad rieku most s drevenými podperami z pravej strany. Vľavo v pozadí je vysoký listnatý strom. Vpravo v pozadí je budova a za ňou sprava listnaté stromy...

Full description

Bibliographic Details
Format: Postcard
Language:Hungarian
German
PhysicalDescription:1 pohľadnica kolorovaná 10 x 15 cm
Published: Pöstyén Gipsz H. [1909?]
Subjects:

MARC

LEADER 00000nkm a2200000 a 4500
001 vtls011781922
003 SK-MaSNL
005 20260512124211.0
007 kp ho
008 230706s1909 xo g kuhun
015 |a SNBG1909 
035 |a urn:nbn:sk:snk-km00dqk7 
035 |a urn:nbn:sk:snk-km3lwu1 
035 |a 34A1E55D-B572-4D64-AA50-65C595523CDE 
040 |a SNK  |b slo  |c SNK  |e AACR2 
041 0 |a hun  |a ger 
043 |a e-xo--- 
044 |a xo  |c SK 
072 7 |a 913  |x Regionálna geografia  |2 konspekt 
072 7 |a 908(437)  |x Vlastiveda Česka a Slovenska  |2 konspekt 
080 |a 913(437.6)  |2 2011 
080 |a 639.2  |2 2011 
080 |a 624.21/.8  |2 2011 
080 |a (282.243)  |2 2011 
080 |a 908(437.6)  |2 2011 
080 |a 94(084.121)  |2 2011 
245 0 2 |a A Vág higja Pöstyénben  |h grafika 
246 3 1 |a Die Waag - Brücke in Pöstyén 
260 |a Pöstyén  |b Gipsz H.  |c [1909?] 
300 |a 1 pohľadnica  |b kolorovaná  |c 10 x 15 cm 
500 |a Názvové údaje prevzaté z obrazovej časti pohľadnice 
520 8 |a Zobrazenie: Pohľad v bielom orámovaní na breh rieky Váh vľavo. Vpravo na ľavom brehu chytá ryby jeden muž v klobúku. V pozadí vedie ponad rieku most s drevenými podperami z pravej strany. Vľavo v pozadí je vysoký listnatý strom. Vpravo v pozadí je budova a za ňou sprava listnaté stromy 
546 |a Súbežný názov v nem. 
650 0 7 |a rybolov  |2 SNKPH  |9 2838 
650 0 7 |a mosty  |2 SNKPH  |9 3015 
651 7 |a Piešťany (Slovensko)  |2 SNKPHgeo  |9 23981 
651 7 |a Váh (Slovensko : rieka)  |2 SNKPHgeo  |9 59387 
655 7 |a miestne pohľadnice  |2 SNKPH  |9 70510 
655 7 |a geografické pohľadnice  |2 SNKPH  |9 70522 
655 7 |a historické pohľadnice  |2 SNKPH  |9 159703 
752 |a Slovensko  |d Piešťany 
852 |a Slovenská národná knižnica 
958 |a GBN 
958 |a GC 
958 |a ONDV 
999 |c 859331  |d 861261 
952 |a SNK  |b SNK  |y PREZ  |7 0  |p 17A1249668  |o snkSP 33470  |z Pohľadnica prešla poštou.  |0 0  |1 0  |4 0  |d 2018-10-01  |f 1  |l 0  |r 2026-02-24 05:07:21  |w 2026-02-24